Adkin's landlord and tenant

Bibliographic Details
Main Author: Walton, Raymond
Other Authors: Essayon, Michael
Format: Book
Published: London : Estate Gazette , 1982
Edition:18th ed.
Subjects:

MARC

LEADER 00000cam a2200000 7i4500
001 0000002571
005 20050426.0
040 |a INS 
090 0 0 |a RKD899.   |b A735 1982 
100 1 |a Walton, Raymond 
245 1 0 |a Adkin's landlord and tenant   |c Raymond Walton 
250 |a 18th ed. 
260 |a London :   |b Estate Gazette ,   |c 1982 
300 |a xxxiii, 440p. ;   |c 22 cm. 
650 0 0 |a Landlord and tenant 
700 1 |a Essayon, Michael 
999 |a 0000000806   |b BOOK   |c Reference   |e Default branch